ভারতীয় গয়নার ইতিহাস / (Record no. 2582)
[ view plain ]
| 000 -LEADER | |
|---|---|
| fixed length control field | 01051nam a2200241 a 4500 |
| 003 - CONTROL NUMBER IDENTIFIER | |
| control field | BD-DhJNU |
| 005 - DATE AND TIME OF LATEST TRANSACTION | |
| control field | 20260128043001.0 |
| 008 - FIXED-LENGTH DATA ELEMENTS--GENERAL INFORMATION | |
| fixed length control field | 251108s2025 bg |||g |||| 000 1|ben|d |
| 020 ## - INTERNATIONAL STANDARD BOOK NUMBER | |
| International Standard Book Number | 9789391736729 |
| 040 ## - CATALOGING SOURCE | |
| Original cataloging agency | BD-DhJNU |
| Language of cataloging | ben |
| Transcribing agency | BD-DhJNU |
| Modifying agency | BD-DhJNU |
| 041 ## - LANGUAGE CODE | |
| Language code of text/sound track or separate title | ben |
| 082 ## - DEWEY DECIMAL CLASSIFICATION NUMBER | |
| Classification number | 739.27 BHA |
| Edition number | 23 |
| 245 10 - TITLE STATEMENT | |
| Title | ভারতীয় গয়নার ইতিহাস / |
| Statement of responsibility, etc. | দীপঙ্কর পাড়ুই (সম্পাদনা) |
| 246 ## - VARYING FORM OF TITLE | |
| Title proper/short title | Bharotiyo goynar itihash |
| 250 ## - EDITION STATEMENT | |
| Edition statement | 1st ed. |
| 260 ## - PUBLICATION, DISTRIBUTION, ETC. | |
| Place of publication, distribution, etc. | ইন্ডিয়া : |
| Name of publisher, distributor, etc. | বীরুৎজাতীয় সাহিত্য সম্নিলনী, |
| Date of publication, distribution, etc. | 2025. |
| 300 ## - PHYSICAL DESCRIPTION | |
| Extent | ৫৩৩ পৃ. : |
| Other physical details | চিত্র ; |
| Dimensions | ২৩ সেমি.। |
| 504 ## - BIBLIOGRAPHY, ETC. NOTE | |
| Bibliography, etc. note | গ্রন্থপঞ্জিগত নির্দেশিকা ও নিঘন্ট অন্তভূক্ত |
| 650 ## - SUBJECT ADDED ENTRY--TOPICAL TERM | |
| Topical term or geographic name entry element | গয়নার ইতিহাস |
| 650 ## - SUBJECT ADDED ENTRY--TOPICAL TERM | |
| Topical term or geographic name entry element | History of adornment |
| 700 a# - ADDED ENTRY--PERSONAL NAME | |
| Personal name | পাড়ুই, দীপঙ্কর |
| Relator term | সম্পাদক |
| 942 ## - ADDED ENTRY ELEMENTS (KOHA) | |
| Koha item type | Books |
| Withdrawn status | Lost status | Source of classification or shelving scheme | Damaged status | Not for loan | Collection | Home library | Current library | Shelving location | Date acquired | Source of acquisition | Total checkouts | Full call number | Barcode | Date last seen | Copy number | Price effective from | Koha item type |
|---|---|---|---|---|---|---|---|---|---|---|---|---|---|---|---|---|---|
| Dewey Decimal Classification | Non-fiction | Jagannath University Central Library | Jagannath University Central Library | General stacks | 01/28/2026 | Purchased | 739.27 BHA | JNUCL36086 | 01/28/2026 | 1 | 01/28/2026 | Books |